Weird Rock/Metal Song to Band - Statistics

General Stats
  • This quiz has been taken 22 times
  • The average score is 3 of 15
Answer Stats
Song Band % Correct
Smells Like Nirvana "Weird Al" Yankovic
84%
Mr. Krinkle Primus
32%
Bugs Pearl Jam
26%
Die Eier von Satan Tool
26%
Three Little Pigs Green Jellÿ
21%
The Annoying Song Butthole Surfers
16%
Excentrifugal Forz Frank Zappa
16%
Well, Everybody’s F***ing in a U.F.O Rob Zombie
16%
Cat Food King Crimson
11%
これからの麺カタコッテリの話をしよう (Let's talk about future noodles catacotti) Maximum the Hormone
11%
Half Soundgarden
11%
Wet My Bed Stone Temple Pilots
11%
Wooden Leg Alestorm
5%
Bladecatcher Mastodon
5%
Sa Bir Dir En Grey
0%
No matching quizzes found
Score Distribution
Percent of People with Each Score
Percentile by Number Answered
Your Score History
You have not taken this quiz